Science Quiz

Random Science or Blitz Quiz

Positive or Negative Blitz Quiz Stats

 Plays Quiz Updated Dec 26, 2017

Support Sporcle.
Go Orange.
Score 0/30 Timer 01:00
2 Plays Today
% Correct
Positive
87.8%
Positive
87.7%
Positive
87.7%
Positive
87.7%
Positive
87.7%
Positive
87.5%
Negative
87.3%
Negative
87.3%
Negative
87.2%
Negative
87.2%
Positive
87.1%
Negative
86.9%
Negative
86.6%
Positive
86.4%
Negative
86.4%
% Correct
Negative
86.3%
Negative
85.9%
Negative
85.7%
Negative
85.3%
Negative
84.2%
Negative
83.7%
Positive
82.5%
Positive
82.5%
Positive
82.1%
Positive
81.6%
Negative
81.2%
Positive
80.8%
Negative
79.8%
Positive
75.2%
Positive
74.9%

From the Vault

4-Letter State Match-Up

by mynameisowen13

Geography 15s
We've already spotted you all the letters you need.
Remove Ads.
Support Sporcle.
Get the best of Sporcle when you Go Orange. This ad-free experience offers more features, more stats, and more fun while also helping to support Sporcle. Thank you for becoming a member.

Show Comments

Extras

Top Quizzes Today


Score Distribution

Your Account Isn't Verified!

In order to create a playlist on Sporcle, you need to verify the email address you used during registration. Go to your Sporcle Settings to finish the process.

Report this User

Report this user for behavior that violates our Community Guidelines.

Details: